Countries Where Wikipedia is Banned - Statistics

General Stats
  • This quiz has been taken 1,483 times
  • The average score is 8 of 13
Answer Stats
Articles Country % Correct
All North Korea
96%
All China
95%
Selected Russia
88%
Selected Iran
83%
Selected Saudi Arabia
63%
All Syria
63%
Selected Belarus
57%
Selected Pakistan
54%
All Venezuela
45%
All Turkey
41%
All Myanmar
40%
All Uzbekistan
23%
All Tunisia
9%
No matching quizzes found
Score Distribution
Percent of People with Each Score
Percentile by Number Answered
Your Score History
You have not taken this quiz